The East Asian Miracle Economic Growth and Public Policy

Saved in:
Bibliographic Details
Format: Book
Language:English
Published: New York Oxford University Press 1993
Subjects:
Tags: Add Tag
No Tags, Be the first to tag this record!

MARC

LEADER 00000nam a2200000 4500
001 0296889
005 20240416113610.5
020 |a 0-19-520993-1 
041 0 |a eng 
044 |a US 
245 1 0 |a The East Asian Miracle  |b Economic Growth and Public Policy 
264 1 |a New York  |b Oxford University Press  |c 1993 
300 |a 389 s. 
610 2 0 |a politika hospodárska medzinárodná 
610 2 0 |a podmienky hospodárske 
610 2 0 |a situácia hospodárska 
610 2 0 |a rast hospodársky 
610 2 0 |a východná Ázia